[Event "IECG CP.1999.P.00023"]
[Site "IECG email"]
[Date "1999.10.01"]
[Round "?"]
[White "Boog, Alexandre"]
[Black "Jenneborg, Seved"]
[Result "1-0"]
[WhiteElo "2303"]
[BlackElo "896"]
[PlyCount "50"]
[EventDate "1999.10.01"]
[EventType "tourn (corr)"]
[EventRounds "6"]
[EventCountry "SWE"]
[SourceTitle "Corr 2008"]
[Source "ChessBase"]
[SourceDate "2008.06.24"]
[SourceVersion "1"]
[SourceVersionDate "2008.06.24"]
[SourceQuality "1"]

1. Nc3 c5 2. e4 Nc6 3. f4 d6 4. Nf3 Nd4 5. Nxd4 cxd4 6. Ne2 e5 7. c3 dxc3 8. Nxc3 exf4 9. Bb5+ Bd7 10. Bxd7+ Qxd7 11. d3 g5 12. h4 Bg7 13. hxg5 Bxc3+ 14. bxc3 d5 15. Bxf4 Ne7 16. Be5 Rg8 17. Bf6 dxe4 18. dxe4 Qe6 19. Qa4+ Nc6 20. Rb1 Rb8 21. Rxh7 b6 22. Rb5 Kf8 23. g6 fxg6 24. Qa3+ Ke8 25. Re5 Qxe5 1-0

[Event "EU-ch Union SCIPT"]
[Site "Balatonkenese"]
[Date "1999.??.??"]
[Round "5"]
[White "Henriksen, Geir Ivar"]
[Black "Boog, Alexandre"]
[Result "0-1"]
[WhiteElo "2220"]
[BlackElo "2285"]
[PlyCount "114"]
[EventDate "1999.09.??"]
[EventType "swiss"]
[EventRounds "7"]
[EventCountry "HUN"]
[SourceTitle "EXT 2000"]
[Source "ChessBase"]
[SourceDate "1999.11.16"]
[SourceVersion "1"]
[SourceVersionDate "1999.11.16"]
[SourceQuality "1"]

1. d4 Nf6 2. c4 Nc6 3. Nf3 e6 4. g3 Bb4+ 5. Bd2 Qe7 6. Bg2 Bxd2+ 7. Nbxd2 d6 8. 0-0 e5 9. dxe5 dxe5 10. Ng5 0-0 11. Rc1 Bf5 12. Nge4 Nxe4 13. Nxe4 Rad8 14. Qa4 Bxe4 15. Bxe4 Nd4 16. Rfe1 c6 17. e3 Ne6 18. Qc2 g6 19. Rcd1 Qc5 20. Qb3 Qe7 21. Bf3 a5 22. Qc3 Qc5 23. a3 a4 24. Qb4 Qa7 25. Rxd8 Rxd8 26. Rd1 Rxd1+ 27. Bxd1 Nc5 28. Bc2 Kg7 29. Kf1 Kf6 30. Ke2 Ke6 31. h4 Kd6 32. Qd2+ Kc7 33. Qc3 Kd6 34. Qd2+ Ke6 35. Qb4 b6 36. Qd2 Qa8 37. Qb4 Qa6 38. Kd2 Kd6 39. Kc3 Kc7 40. Kd2 Qa8 41. Qc3 f6 42. Ke2 Qc8 43. Ke1 Qg4 44. Kf1 Qf3 45. Kg1 Qe2 46. e4 Kd6 47. Kg2 h6 48. Kg1 g5 49. hxg5 fxg5 50. Kg2 h5 51. Kg1 h4 52. Kg2 Ke6 53. gxh4 gxh4 54. Qh3+ Kd6 55. Qc3 Ne6 56. Qb4+ Kd7 57. Qxb6 Qxc2 0-1

[Event "EU-ch Union SCIPT"]
[Site "Balatonkenese"]
[Date "1999.??.??"]
[Round "1"]
[White "Jurcisin, Imrich"]
[Black "Boog, Alexandre"]
[Result "0-1"]
[WhiteElo "2035"]
[BlackElo "2285"]
[PlyCount "78"]
[EventDate "1999.09.??"]
[EventType "swiss"]
[EventRounds "7"]
[EventCountry "HUN"]
[SourceTitle "EXT 2000"]
[Source "ChessBase"]
[SourceDate "1999.11.16"]
[SourceVersion "1"]
[SourceVersionDate "1999.11.16"]
[SourceQuality "1"]

1. e4 e5 2. Nf3 Nc6 3. Bb5 a6 4. Ba4 Nf6 5. 0-0 Nxe4 6. d4 b5 7. Bb3 d5 8. dxe5 Be6 9. c3 Bc5 10. Nbd2 0-0 11. Bc2 Nxf2 12. Rxf2 f6 13. exf6 Bxf2+ 14. Kxf2 Qxf6 15. Nf1 Ne5 16. Kg1 Nxf3+ 17. Qxf3 Qxf3 18. gxf3 Rxf3 19. Be3 Bh3 20. Bc5 Re8 21. Ng3 Re5 22. a4 bxa4 23. Bxa4 h5 24. Bc6 h4 25. Ne2 Rg5+ 26. Kh1 Bg2+ 27. Kg1 Bf1+ 28. Ng3 hxg3 29. h4 Rgf5 30. Bd7 Bh3 31. Bxf5 Rxf5 32. Bd4 Kf7 33. Re1 Rf3 34. h5 a5 35. Bc5 a4 36. Bd4 Kg8 37. Bc5 a3 38. Bxa3 g2 39. Re8+ Kh7 0-1

[Event "Geneve op"]
[Site "Geneve"]
[Date "1993.??.??"]
[Round "3"]
[White "Boog, Alexandre"]
[Black "Atlas, Dimitry"]
[Result "0-1"]
[WhiteElo "2325"]
[BlackElo "2310"]
[PlyCount "86"]
[EventDate "1993.01.??"]
[EventType "swiss"]
[EventRounds "9"]
[EventCountry "SUI"]
[SourceTitle "EXT 1997"]
[Source "ChessBase"]
[SourceDate "1996.11.15"]
[SourceVersion "1"]
[SourceVersionDate "1996.11.15"]
[SourceQuality "1"]

1. e4 e6 2. b3 d5 3. Bb2 Nf6 4. exd5 exd5 5. Qe2+ Be7 6. Bxf6 gxf6 7. Qh5 Be6 8. Ne2 Nc6 9. Nf4 Qd6 10. Nxe6 Qxe6+ 11. Be2 Nd4 12. Nc3 Nxc2+ 13. Kd1 Nxa1 14. Nxd5 Qe5 15. Re1 Qxh5 16. Bxh5 Kd8 17. Rxe7 c6 18. Bg4 cxd5 19. Rxf7 h5 20. Bf5 b6 21. Kc1 Ke8 22. Rb7 Rg8 23. Bh3 Kf8 24. Rh7 Re8 25. Rxh5 Re1+ 26. Kb2 Rg5 27. Rh8+ Kg7 28. Rd8 Rge5 29. f4 R5e4 30. Rxd5 Rxf4 31. Rd7+ Kg6 32. Rxa7 Rff1 33. Rc7 Rb1+ 34. Ka3 Rf2 35. Rc6 Rxd2 36. Rxb6 Rbb2 37. Kb4 Rxa2 38. Rb8 Re2 39. Rg8+ Kf7 40. Rg3 Nc2+ 41. Kc5 Ra5+ 42. Kb6 Rae5 43. Rc3 Nd4 0-1

[Event "SUI-chT"]
[Site "Switzerland"]
[Date "1993.??.??"]
[Round "?"]
[White "Boog, Alexandre"]
[Black "Summermatter, Daniel"]
[Result "1-0"]
[WhiteElo "2325"]
[BlackElo "2335"]
[PlyCount "103"]
[EventDate "1993.??.??"]
[EventType "team-tourn"]
[EventRounds "9"]
[EventCountry "SUI"]
[SourceTitle "TD"]
[Source "ChessBase"]
[SourceDate "1994.03.01"]
[SourceVersion "1"]
[SourceVersionDate "1994.03.01"]
[SourceQuality "1"]

1. e4 g6 2. Nc3 Bg7 3. g3 c5 4. Bg2 Nc6 5. d3 Rb8 6. Be3 Qa5 7. Qd2 b5 8. Nge2 Nd4 9. f4 b4 10. Nd1 Nxe2 11. Kxe2 Nf6 12. Nf2 0-0 13. a3 d6 14. Rhb1 Qc7 15. axb4 Rxb4 16. Bf3 Nd7 17. c3 Rb3 18. Qc2 Rb6 19. Ra4 Ba6 20. Rba1 Rfb8 21. Nd1 Qc8 22. Kf2 Nf6 23. Kg2 Bb5 24. Rxa7 Bd7 25. b4 Bh3+ 26. Kh1 Ng4 27. Bg1 R6b7 28. Rxb7 Qxb7 29. bxc5 dxc5 30. Qe2 h5 31. Bxc5 Qc7 32. Bg1 e5 33. fxe5 Nxe5 34. Bg2 Bg4 35. Qf1 Bxd1 36. Rxd1 Qxc3 37. h3 Rb2 38. d4 Nc4 39. Qf3 Qb4 40. e5 Nd2 41. Qd3 h4 42. gxh4 Nc4 43. h5 Rb3 44. Qe2 gxh5 45. Rc1 Nb6 46. Rc7 Rc3 47. Rb7 Qb3 48. Qxh5 Qe6 49. d5 Qxe5 50. Qxf7+ Kh8 51. Qxg7+ Qxg7 52. Rxg7 1-0

[Event "Biel MTO op"]
[Site "Biel"]
[Date "1993.??.??"]
[Round "1"]
[White "Sadler, Matthew D"]
[Black "Boog, Alexandre"]
[Result "1-0"]
[WhiteElo "2535"]
[BlackElo "2290"]
[PlyCount "61"]
[EventDate "1993.07.??"]
[EventType "swiss"]
[EventRounds "11"]
[EventCountry "SUI"]
[SourceTitle "TD"]
[Source "ChessBase"]
[SourceDate "1994.03.01"]
[SourceVersion "1"]
[SourceVersionDate "1994.03.01"]
[SourceQuality "1"]

1. d4 d5 2. c4 e6 3. Nc3 c5 4. cxd5 cxd4 5. Qa4+ Bd7 6. Qxd4 exd5 7. Qxd5 Nc6 8. Nf3 Nf6 9. Qd1 Bc5 10. e3 Qe7 11. a3 0-0-0 12. Qc2 Kb8 13. Be2 g5 14. b4 Bd6 15. Bb2 Rhg8 16. Rd1 g4 17. Nd4 Nxd4 18. Rxd4 Bc6 19. 0-0 g3 20. hxg3 Rxg3 21. fxg3 Qxe3+ 22. Rf2 Qxd4 23. Nb5 Qe4 24. Qxe4 Nxe4 25. Nxd6 Nxd6 26. Be5 Bd5 27. Bg4 Ka8 28. Bxd6 Rxd6 29. Rd2 a5 30. Bf3 axb4 31. Bxd5 1-0

[Event "SUI-chT"]
[Site "Switzerland"]
[Date "1993.??.??"]
[Round "?"]
[White "Valdivia, Manuel"]
[Black "Boog, Alexandre"]
[Result "0-1"]
[WhiteElo "2265"]
[BlackElo "2325"]
[PlyCount "90"]
[EventDate "1993.??.??"]
[EventType "team-tourn"]
[EventRounds "9"]
[EventCountry "SUI"]
[SourceTitle "TD"]
[Source "ChessBase"]
[SourceDate "1994.03.01"]
[SourceVersion "1"]
[SourceVersionDate "1994.03.01"]
[SourceQuality "1"]

1. d4 d5 2. Nf3 c5 3. g3 Nc6 4. Bg2 Nf6 5. 0-0 e6 6. c4 Be7 7. cxd5 exd5 8. Nc3 0-0 9. dxc5 Bxc5 10. Bg5 d4 11. Ne4 Be7 12. Bxf6 Bxf6 13. Rc1 Re8 14. Nc5 Qb6 15. Nd3 Bg4 16. Qd2 Rad8 17. Rfe1 Rd5 18. h4 Rb5 19. b3 h6 20. Qf4 Bd7 21. Nd2 Ne5 22. Ne4 Bd8 23. Ndc5 g5 24. Nxd7 gxf4 25. Nxb6 Rxb6 26. Rc8 Kf8 27. Rd1 fxg3 28. fxg3 Rg6 29. h5 Ra6 30. a4 d3 31. Kf1 f5 32. Nc5 dxe2+ 33. Kxe2 Nd7+ 34. Kf1 Nxc5 35. Rxc5 Rf6 36. Rdd5 Bb6 37. Rb5 f4 38. Rf5 Kg7 39. gxf4 Ref8 40. Rxf6 Rxf6 41. f5 Rd6 42. Ke2 a6 43. Rd5 Rc6 44. b4 Rf6 45. Kd3 Bd8 0-1

[Event "Biel Mixed"]
[Site "Biel"]
[Date "1991.??.??"]
[Round "6"]
[White "Boog, Alexandre"]
[Black "Hort, Vlastimil"]
[Result "1-0"]
[WhiteElo "2340"]
[BlackElo "2545"]
[PlyCount "79"]
[EventDate "1991.07.??"]
[EventType "tourn"]
[EventRounds "11"]
[EventCountry "SUI"]
[EventCategory "9"]
[SourceTitle "CBM 025"]
[Source "ChessBase"]
[SourceDate "1991.12.01"]
[SourceVersion "1"]
[SourceVersionDate "1991.12.01"]
[SourceQuality "1"]

1. e4 c5 2. Nf3 Nc6 3. c3 d5 4. exd5 Qxd5 5. d4 Nf6 6. Be2 cxd4 7. cxd4 e6 8. 0-0 Be7 9. Nc3 Qd6 10. a3 0-0 11. Be3 a6 12. Bd3 b5 13. Rc1 Bb7 14. Ng5 Na5 15. a4 Nc4 16. Qe2 h6 17. Nf3 Ng4 18. Ne4 Bxe4 19. Bxe4 Rac8 20. axb5 axb5 21. g3 Ncxe3 22. fxe3 h5 23. Bb1 g6 24. Kg2 Rxc1 25. Rxc1 b4 26. h3 Nh6 27. Be4 Kg7 28. Ne5 Bf6 29. Rc6 Qe7 30. Nf3 Nf5 31. g4 hxg4 32. hxg4 Nh4+ 33. Nxh4 Bxh4 34. Qf3 Bg5 35. Qg3 Qf6 36. Qf3 Rh8 37. Rb6 Qxf3+ 38. Bxf3 Bxe3 39. Rxb4 Rd8 40. Be4 1-0

[Event "Biel Mixed"]
[Site "Biel"]
[Date "1991.??.??"]
[Round "5"]
[White "Landenbergue, Claude"]
[Black "Boog, Alexandre"]
[Result "0-1"]
[WhiteElo "2415"]
[BlackElo "2340"]
[PlyCount "92"]
[EventDate "1991.07.??"]
[EventType "tourn"]
[EventRounds "11"]
[EventCountry "SUI"]
[EventCategory "9"]
[SourceTitle "CBM 025"]
[Source "ChessBase"]
[SourceDate "1991.12.01"]
[SourceVersion "1"]
[SourceVersionDate "1991.12.01"]
[SourceQuality "1"]

1. d4 Nf6 2. c4 e6 3. Nf3 Bb4+ 4. Nbd2 b6 5. a3 Bxd2+ 6. Bxd2 Ne4 7. Bf4 Bb7 8. e3 d6 9. Bd3 Nd7 10. Qc2 f5 11. 0-0 0-0 12. b4 Qe7 13. Nd2 Nxd2 14. Qxd2 e5 15. Bg3 Rae8 16. c5 g5 17. cxd6 cxd6 18. dxe5 Nxe5 19. Bb5 Rd8 20. Rad1 h5 21. f4 Ng4 22. fxg5 Qxe3+ 23. Kh1 h4 24. Bxh4 f4 25. Qa2+ Kg7 26. Qb2+ Qe5 27. Qxe5+ dxe5 28. g6 Rxd1 29. Rxd1 Bxg2+ 30. Kg1 Be4 31. Re1 Bxg6 32. h3 Rh8 33. hxg4 Rxh4 34. Rxe5 Rxg4+ 35. Kf2 Kf6 36. Rd5 Be4 37. Rd7 Rg7 38. Rd8 Ke5 39. Bf1 Rc7 40. Bd3 Bxd3 41. Rxd3 Ke4 42. Rb3 Rc2+ 43. Ke1 f3 44. b5 Kf4 45. Kf1 Kg3 46. Rb1 Rh2 0-1

[Event "Biel-Tbilisi"]
[Site "Biel"]
[Date "1990.??.??"]
[Round "1"]
[White "Arakhamia Grant, Ketevan"]
[Black "Boog, Alexandre"]
[Result "1-0"]
[WhiteElo "2380"]
[BlackElo "2495"]
[PlyCount "60"]
[EventDate "1990.??.??"]
[EventType "team-tourn"]
[EventRounds "2"]
[EventCountry "SUI"]
[SourceTitle "CBM 019"]
[Source "ChessBase"]
[SourceDate "1990.12.01"]
[SourceVersion "1"]
[SourceVersionDate "1990.12.01"]
[SourceQuality "1"]

1. e4 e5 2. Nf3 Nc6 3. Bb5 a6 4. Ba4 Nf6 5. 0-0 Nxe4 6. d4 b5 7. Bb3 d5 8. dxe5 Be6 9. Nbd2 Be7 10. c3 0-0 11. Qe2 Bf5 12. Rd1 Nc5 13. Nd4 Nxd4 14. cxd4 Ne6 15. Nf1 Bg6 16. Ng3 c5 17. dxc5 d4 18. f4 d3 19. Qf1 Qd4+ 20. Kh1 a5 21. f5 a4 22. fxg6 axb3 23. gxh7+ Kh8 24. Nf5 Qxc5 25. Be3 Qxe5 26. Rxd3 Rxa2 27. Nxe7 Rfa8 28. Rad1 Rxb2 29. Qxf7 Kxh7 30. Bd4 Qg5 1-0

[Event "Biel-Tbilisi"]
[Site "Biel"]
[Date "1990.??.??"]
[Round "2"]
[White "Boog, Alexandre"]
[Black "Arakhamia Grant, Ketevan"]
[Result "0-1"]
[WhiteElo "2310"]
[BlackElo "2380"]
[PlyCount "68"]
[EventDate "1990.??.??"]
[EventType "team-tourn"]
[EventRounds "2"]
[EventCountry "SUI"]
[SourceTitle "CBM 019"]
[Source "ChessBase"]
[SourceDate "1990.12.01"]
[SourceVersion "1"]
[SourceVersionDate "1990.12.01"]
[SourceQuality "1"]

1. e4 c5 2. b3 Nc6 3. Bb2 e5 4. Nc3 Nf6 5. f4 exf4 6. Nf3 d6 7. Bb5 Bd7 8. Nd5 Nxd5 9. exd5 Ne7 10. Bxd7+ Qxd7 11. c4 Nf5 12. 0-0 Be7 13. Qe2 0-0 14. Qe4 g5 15. g3 Rfe8 16. gxf4 Bf8 17. Qd3 g4 18. Ng5 Bg7 19. Bxg7 Kxg7 20. Rae1 Rxe1 21. Rxe1 Rf8 22. h3 h5 23. hxg4 hxg4 24. Re2 Rh8 25. Rg2 Nd4 26. Nf3 Rh3 27. Ne5 Rxd3 28. Nxd7 f5 29. Kf1 Kf7 30. b4 Ke7 31. Ne5 dxe5 32. fxe5 Nf3 33. bxc5 Nxe5 34. Rh2 Nxc4 0-1

[Event "Prague Bohemians-B"]
[Site "Prague"]
[Date "1990.??.??"]
[Round "?"]
[White "Damjanovic, Mato"]
[Black "Boog, Alexandre"]
[Result "0-1"]
[WhiteElo "2335"]
[BlackElo "2270"]
[PlyCount "74"]
[EventDate "1990.01.??"]
[EventType "tourn"]
[EventRounds "13"]
[EventCountry "CZE"]
[EventCategory "2"]
[SourceTitle "EXT 1997"]
[Source "ChessBase"]
[SourceDate "1996.11.15"]
[SourceVersion "1"]
[SourceVersionDate "1996.11.15"]
[SourceQuality "1"]

1. e4 e5 2. Nf3 Nc6 3. Bb5 a6 4. Ba4 Nf6 5. 0-0 Nxe4 6. d4 b5 7. Bb3 d5 8. dxe5 Be6 9. c3 Bc5 10. Nbd2 0-0 11. Qe2 Bf5 12. a4 Rb8 13. axb5 axb5 14. Nxe4 dxe4 15. Ng5 Nxe5 16. Nxe4 Qd3 17. Qxd3 Nxd3 18. Nxc5 Nxc5 19. Bd5 Bd3 20. Re1 Bc4 21. Bxc4 bxc4 22. g3 f5 23. Bf4 Rf7 24. Ra7 Nd3 25. Re2 Rd7 26. Ra2 Kf7 27. Ra5 g6 28. Ra2 Rb6 29. Kf1 c5 30. Bh6 Re6 31. Rxe6 Kxe6 32. Ra6+ Kd5 33. Rb6 Ra7 34. f3 Ra1+ 35. Ke2 Ra2 36. Ke3 Rxb2 37. Rxb2 Nxb2 0-1

[Event "Prague Vysehrad-B"]
[Site "Prague"]
[Date "1990.??.??"]
[Round "2"]
[White "Praszak, Michal"]
[Black "Boog, Alexandre"]
[Result "0-1"]
[WhiteElo "2275"]
[BlackElo "2270"]
[PlyCount "86"]
[EventDate "1990.??.??"]
[EventType "tourn"]
[EventRounds "11"]
[EventCountry "CZE"]
[EventCategory "3"]
[SourceTitle "EXT 1997"]
[Source "ChessBase"]
[SourceDate "1996.11.15"]
[SourceVersion "1"]
[SourceVersionDate "1996.11.15"]
[SourceQuality "1"]

1. d4 d5 2. Nf3 Nc6 3. c4 Bg4 4. cxd5 Bxf3 5. gxf3 Qxd5 6. e3 e6 7. Nc3 Qh5 8. Bg2 0-0-0 9. 0-0 Nge7 10. a3 g5 11. b4 Nf5 12. b5 Ncxd4 13. exd4 Rxd4 14. Qe2 Rh4 15. f4 Rg4 16. Qf3 Nh4 17. Qxb7+ Kd8 18. Qa8+ Ke7 19. Nd5+ exd5 20. Re1+ Kf6 21. Bb2+ Kg6 22. Re6+ fxe6 23. Qe8+ Kh6 24. Qxe6+ Ng6 25. Bxh8 Qh3 26. fxg5+ Kh5 27. Qxd5 Nxh8 28. g6+ Kxg6 29. Qe6+ Kg7 30. Qe5+ Kg8 31. Qd5+ Nf7 32. Rc1 Bd6 33. Kf1 Qxh2 34. Rc3 Qe5 35. Qb3 Rg5 36. a4 Kg7 37. Re3 Qa1+ 38. Re1 Qf6 39. Re3 Qa1+ 40. Re1 Qd4 41. Rd1 Qg4 42. Qc3+ Be5 43. Qc6 Qxd1# 0-1

[Event "Biel-C"]
[Site "Biel"]
[Date "1990.??.??"]
[Round "4"]
[White "Salamon, Werner"]
[Black "Boog, Alexandre"]
[Result "0-1"]
[WhiteElo "2320"]
[BlackElo "2310"]
[PlyCount "52"]
[EventDate "1990.07.??"]
[EventType "swiss"]
[EventRounds "11"]
[EventCountry "SUI"]
[SourceTitle "EXT 1997"]
[Source "ChessBase"]
[SourceDate "1996.11.15"]
[SourceVersion "1"]
[SourceVersionDate "1996.11.15"]
[SourceQuality "1"]

1. e4 e5 2. Nf3 Nc6 3. Bb5 a6 4. Bxc6 dxc6 5. 0-0 Qe7 6. d4 exd4 7. Qxd4 Bg4 8. Qe5 f6 9. Qxe7+ Nxe7 10. Bf4 0-0-0 11. Nbd2 h5 12. h4 Ng6 13. Bg3 Bd7 14. Nc4 Bc5 15. Rad1 Rde8 16. Rfe1 Rd8 17. Rd3 Rhe8 18. Nfd2 f5 19. e5 f4 20. Bh2 b5 21. Na5 Rxe5 22. Rxe5 Nxe5 23. Rb3 Bb6 24. Ra3 Bxa5 25. Rxa5 Nc4 26. Rxa6 Re8 0-1

[Event "Prague Bohemians-B"]
[Site "Prague"]
[Date "1990.??.??"]
[Round "?"]
[White "Spacek, Petr"]
[Black "Boog, Alexandre"]
[Result "1/2-1/2"]
[WhiteElo "2410"]
[BlackElo "2270"]
[PlyCount "64"]
[EventDate "1990.01.??"]
[EventType "tourn"]
[EventRounds "13"]
[EventCountry "CZE"]
[EventCategory "2"]
[SourceTitle "EXT 1997"]
[Source "ChessBase"]
[SourceDate "1996.11.15"]
[SourceVersion "1"]
[SourceVersionDate "1996.11.15"]
[SourceQuality "1"]

1. d4 Nf6 2. c4 e6 3. g3 Bb4+ 4. Bd2 c5 5. Nf3 Qb6 6. Qb3 Nc6 7. dxc5 Qxc5 8. Bg2 d5 9. Bxb4 Qxb4+ 10. Qxb4 Nxb4 11. Na3 Bd7 12. Ne5 Rd8 13. 0-0 Nc6 14. Nxd7 Rxd7 15. cxd5 Nxd5 16. Rfd1 Ke7 17. Bxd5 Rxd5 18. Rxd5 exd5 19. Nc2 Rd8 20. Kf1 Ke6 21. Ke1 Ke5 22. Kd2 Rc8 23. Rc1 Nd8 24. Rd1 Ne6 25. Ne1 Nc5 26. Nd3+ Nxd3 27. Kxd3 Rc4 28. e3 f5 29. h4 Ra4 30. a3 Rc4 31. Rh1 Rc6 32. Rd1 Rc4 1/2-1/2

[Event "Biel MTO op"]
[Site "Biel"]
[Date "1989.??.??"]
[Round "9"]
[White "Boog, Alexandre"]
[Black "Simon, Ralf Axel"]
[Result "0-1"]
[WhiteElo "2220"]
[BlackElo "2320"]
[PlyCount "90"]
[EventDate "1989.07.??"]
[EventType "swiss"]
[EventRounds "11"]
[EventCountry "SUI"]
[SourceTitle "EXT 1997"]
[Source "ChessBase"]
[SourceDate "1996.11.15"]
[SourceVersion "1"]
[SourceVersionDate "1996.11.15"]
[SourceQuality "1"]

1. e4 c5 2. b3 e6 3. Bb2 a6 4. Nf3 Nc6 5. d4 cxd4 6. Nxd4 Nf6 7. Bd3 Qa5+ 8. Kf1 Qe5 9. Nd2 Nxd4 10. Nf3 Nxf3 11. Bxe5 Nxe5 12. h3 d5 13. exd5 Nxd3 14. Qxd3 Nxd5 15. c4 Nf6 16. Rd1 Bd7 17. Qd4 Bc6 18. Qb6 Be7 19. Qc7 Bd8 20. Qe5 0-0 21. Ke2 Ne4 22. Rd3 a5 23. Rc1 Bf6 24. Qc7 Rfc8 25. Qb6 Nc5 26. Rd6 Ra6 27. Rxc6 Rxc6 28. Qb5 Bd4 29. Rd1 e5 30. a3 Kf8 31. Rxd4 exd4 32. b4 axb4 33. axb4 Re6+ 34. Kf3 Ra3+ 35. Kg4 Re4+ 36. f4 Ne6 37. g3 g6 38. Kh4 Ree3 39. f5 gxf5 40. Qxb7 f4 41. Kg4 Rxg3+ 42. Kf5 Kg7 43. h4 f3 44. Qb8 f2 45. Qe5+ Kg8 0-1